| 000 | 00459nam a22001697a 4500 | ||
|---|---|---|---|
| 005 | 20180730151733.0 | ||
| 008 | 160625b xxu||||| |||| 00| 0 eng d | ||
| 020 | _a81-203-2573-7 | ||
| 041 | _aeng | ||
| 082 |
_b9947 _a658.3 |
||
| 100 |
_aVebert, and Conor, _94668 |
||
| 245 | _aTHEORIES OF MACRO ORGANIZATIONAL BEHAVIOR:a handbook of Ideas and explanation | ||
| 260 |
_bPHI _c2004 _anew delhi |
||
| 300 | _a187p, | ||
| 650 |
_aManagement _9241 |
||
| 942 | _cBK | ||
| 999 |
_c3912 _d3911 |
||